Регионална библиотека "Любен Каравелов" - Русе

Papillons op. 2 | Kinderszenen op.15 (Запис номер 520268)

MARC детайли
000 -Лидер
Лидер 01338njm a2200301 a 4500
003 - Код на организацията, давaща контролен номер
Код на организацията, даваща контролен номер BLK
005 - Дата и час на последна редакция
Дата и час на последна редакция 20250301005549.0
007 - Фиксирано поле за физическо описани
Физическо описание sd ammalaaahaa
008 - Елементи от данни с фиксирана дължина
Елементи с фиксирана дължина 240809b bul||n|| |||||||| n|bulo|
028 ## - PUBLISHER NUMBER
Издателски номер 720100
040 ## - Източник на каталожния запис
Код на библиотеката BLK
041 ## - Код за език
Език на записа Немски
Език за КДБФ Немски
080 ## - УДК
УДК текст Пиано
УДК код 780.616.433
УДК – определител (086.72)
УДК – код + определител 780.616.433(086.72)
100 ## - Редна дума - Автор
R(LIN) 387484
Автор Schumann, Robert
245 ## - Сведения за заглавието
Заглавие Papillons op. 2
-- Kinderszenen op.15
Авторска отговорност Robert Schumann ; Dieter Zechlin, Klavier
260 ## - Област на издателските данни
Място на издаване Berlin
Име на издателя Deutsche Schallplatten
Година на издаване 1965
9 (RLIN) 210744
300 ## - Физическа характеристика
Брой страници 1 грамофонна плоча
Илюстрации 33 1/3 об/мин, моно
Размер 25 см
380 ## - Жанр
Жанр Изкуство
490 ## - СЕРИИ (Колекции)
Серия Eterna
9 (RLIN) 493861
500 ## - Общи забележки
Обща забележка (01) Robert Schumann - Papillons op.2<br/>----<br/>Robert Schumann - Kinderszenen op.15<br/>(02) Von fremden Ländern und Menschen<br/>(03) Kuriose Geschichte<br/>(04) Hasche-Mann<br/>(05) Bittendes Kind<br/>(06) Glückes genug<br/>(07) Wichtige Begebenheit<br/>(08) Träumerei<br/>(09) Am Kamin<br/>(10) Ritter vom Steckenpferd<br/>(11) Fast zu ernst<br/>(12) Fürchtenmachen<br/>(13) Kind im Einschlummern<br/>(14) Der Dichter spricht
650 #0 - Допълнително описание по предмет – тема
Предметна рубрика Пиано - композиции
9 (RLIN) 275984
700 ## - Други автори (авторска отговорност)
9 (RLIN) 494096
Друг автор Zechlin, Dieter
852 ## - Местоположение
Сигнатура (форматна) Ф 245
Отдел Основен фонд - ползва се само за читалня
856 4# - Електронен адрес и достъп
Електронен формат pdf - файл
Път до файла (ресурса)
Инструкция (цена за достъп) 0.00
Права за достъп disable
856 4# - Електронен адрес и достъп
Електронен формат pdf - файл
Път до файла (ресурса)
Инструкция (цена за достъп) 0.00
Права за достъп disable
942 ## - АРТИКУЛИ
Вид на библиотечния документ Грамофонни плочи
Скрит в OPAC Не
944 ## - СЪЗДАВАНЕ И РЕДАКЦИЯ на ЗАПИСА
Дата на регистрацията/редакция Кети Илиева
Служител, извършил регистрацията/редакцията
Статус, дата на статуса CRON CRON
Създаване/Редакция
999 ## - СИСТЕМНИ КОНТРОЛНИ НОМЕРА
Koha biblionumber 520268
Koha biblioitemnumber 520268
Наличности
Код за отписване Код за изгубен артикул Източник на класификационната схема Код за повреда Коз за рестрикции Код за отдаване Артикулен № Име на библиотеката - собственик Име на библиотеката, в която се намира в момента Статус (Текущо местоположение) Дата на вписване в системата Местоположение - отдел Цена в лева Инвентарен номер Систематично азбучна сигнатура Баркод Цена в евро Служебен тип на артикула
  Не е изгубен Universal Decimal Classification Не е повреден само за читалня ползва се в читалня 952990 Регионална библиотека "Любен Каравелов" Русе Регионална библиотека "Любен Каравелов" Русе Хранилище 2024-10-24 Основен фонд - ползва се само за читалня 3.20 1458/66 Ф 245 900000109686 1.64 Грамофонни плочи
Vip Innovations Ltd, Rousse, Bulgaria 2025